Návrh stratégie rozvoja firmy JAMP Svorada, s.r.o.

Saved in:
Bibliographic Details
Main Author: Chmelík, Ľuboš, 1989- (Author)
Other Authors: Ščepka, Igor, 1946- (Thesis advisor)
Format: Manuscript Book
Language:Slovak
Published: Bratislava : STU v Bratislave SjF, 2013
Subjects:
Online Access:VAIS
Tags: Add Tag
No Tags, Be the first to tag this record!

MARC

LEADER 00000ntm a22000003a 4500
001 stu287301
005 20150617230256.9
008 140326s2013----xo------------------slo-d
040 |a STU  |b slo 
041 0 |a slo 
044 |a xo 
100 1 |a Chmelík, Ľuboš,  |d 1989-  |4 aut  |u J  |T SjF Strojnícka fakulta  |X 62381  |U J  |Y 20  |7 A000062381 
242 0 0 |a Design of strategic development of company JAMP Svorada, s.r.o.  |y eng 
245 1 |a Návrh stratégie rozvoja firmy JAMP Svorada, s.r.o. 
260 |a Bratislava :  |b STU v Bratislave SjF,  |c 2013 
650 7 |a Quality of Production in Engineering Enterprises  |2 estusub 
650 7 |a company strategy  |2 estusub 
650 7 |a podnikateľská stratégia  |2 stusub 
650 7 |a kvalita produkcie v strojárskych podnikoch  |2 stusub 
700 1 |a Ščepka, Igor,  |d 1946-  |4 ths  |u J0070  |U SjF Strojnícka fakulta  |T SjF Ústav výrobných systémov, enviromentálnej techniky a manažment kvality  |X 2466  |U J0070  |Y 804  |7 A000002466 
856 4 |a info a plný text  |u http://is.stuba.sk/zp/portal_zp.pl?podrobnosti=94698  |3 VAIS 
996 |b 284J042684  |c J*1578/DP  |l JJSK  |s A  |a 24  |w stu287301_0001